000 00421nam a2200181Ia 4500
008 210210b2003 xxu||||| |||| 00| 0 eng d
020 _a9780099448754
041 _aeng
082 _a895.635 MURE
100 _aMURAKAMI (Haruki)
245 _aElephant vanishes
260 _aLondon
_bVintage books
_c2003
300 _avi,327
650 _avanishes
650 _aElephant
690 _aJapanese
906 _a073135
999 _c122992
_d122992